| 000 | 00431cam a2200193 4500 | ||
|---|---|---|---|
| 001 | D6610 | ||
| 008 | 090401t1977 xxu||||| |||| 00| 0 eng d | ||
| 035 | _a(Sirsi) u1927 | ||
| 041 | _aeng | ||
| 050 | _a711.552 | ||
| 100 | _aLee, Michael | ||
| 245 | _aBrent Cross study | ||
| 260 |
_aLondon _bDonaldsons _c1977 |
||
| 300 | _avii. 73p. 29cm | ||
| 350 | _a10 | ||
| 700 | _aKent, Elizabeth | ||
| 942 | _n0 | ||
| 948 | _c04/03/1997 | ||
| 999 |
_c85712 _d85712 |
||